99 selawat Nabi Muhammad S.A.W. : (Record no. 1097)

000 -LEADER
fixed length control field nam a22 a 4500
003 - CONTROL NUMBER IDENTIFIER
control field AKMAL
005 - DATE AND TIME OF LATEST TRANSACTION
control field 20170508135733.0
008 - FIXED-LENGTH DATA ELEMENTS--GENERAL INFORMATION
fixed length control field 170508s1994 my 00 may d
020 ## - INTERNATIONAL STANDARD BOOK NUMBER
International Standard Book Number 9839017993 (kkt.):
Terms of availability RM 6.00
040 ## - CATALOGING SOURCE
Original cataloging agency AKMAL
082 04 - DEWEY DECIMAL CLASSIFICATION NUMBER
Classification number 297.3824 HAN
090 ## - LOCALLY ASSIGNED LC-TYPE CALL NUMBER (OCLC); LOCAL CALL NUMBER (RLIN)
Classification number (OCLC) (R) ; Classification number, CALL (RLIN) (NR) 297.3824
Local cutter number (OCLC) ; Book number/undivided call number, CALL (RLIN) HAN
100 ## - MAIN ENTRY--PERSONAL NAME
Personal name Hanafi Mohamed,
Dates associated with a name 1958-
9 (RLIN) 2281
245 10 - TITLE STATEMENT
Title 99 selawat Nabi Muhammad S.A.W. :
Remainder of title fadhilat & khasiatnya /
Statement of responsibility, etc. penyusun Drs. Hanafi Mohamed
260 ## - PUBLICATION, DISTRIBUTION, ETC.
Place of publication, distribution, etc. Kuala Lumpur :
Name of publisher, distributor, etc. Darul Nu'man,
Date of publication, distribution, etc. 1994
300 ## - PHYSICAL DESCRIPTION
Extent x, 168ms. ;
Dimensions 19cm
500 ## - GENERAL NOTE
General note Mengandungi ayat-ayat dari al-Quran
600 #0 - SUBJECT ADDED ENTRY--PERSONAL NAME
Personal name Muhammad,
Titles and other words associated with a name Prophet,
Dates associated with a name -632
9 (RLIN) 1135
942 ## - ADDED ENTRY ELEMENTS (KOHA)
Source of classification or shelving scheme
Koha item type Book
Holdings
Withdrawn status Lost status Source of classification or shelving scheme Damaged status Not for loan Collection code Home library Current library Shelving location Date acquired Inventory number Total Checkouts Full call number Barcode Date last seen Price effective from Koha item type
          NON-FICTION AKMAL Melaka AKMAL Melaka PINJAMAN 08.05.2017 200879   297.3824 HAN 201702178 08.05.2017 08.05.2017 Book
Pusat Sumber Maklumat Dato' Haji Sarmin Md Hussin, Akademi Kastam Diraja Malaysia, Melaka
Tel: 06-2331106 | Faks: 06-2313787